000 01156nam0a2200349 4500
001 RU\NLR\BIBL_A\022772779
005 20260611120733.0
010 _a978-5-04-229371-9
_92500
021 _aRU
_bКН-П-26-008030
_9КН-П-26-0774
035 _a(NLR Aleph) 022772779
090 _a13731830
_c13731830
100 _a20260401d2026 u y0rusy50 ca
101 0 _arus
102 _aRU
105 _aa z 000ay
181 0 _ai3
_baxxe
181 0 _ab1
_bxb2e
182 0 _an
200 1 _aПоследняя электричка
203 _aТекст
_aИзображение
_bвизуальные
_cнепосредственные
210 _aМосква
_cЭксмо
_d2026
215 _a316, [2] c., [4] л. цв. ил.
_d21
225 1 _aМайор Шип. Принципы чекиста Ивана Шипова
225 1 _aДетективы о послевоенном уголовном розыске
333 _a16+
686 2 _aШ6(2=Р)8-446
700 1 _aШарапов
_bВ. Г.
942 _cBOOK
980 _aNB